000 00630nam a2200181Ia 4500
008 100920s9999 xx 000 0 und d
082 _b57462
_a--- थ 91
100 _aबांदोडकर व. पु., बांदोडकर गो. पु.
245 _aप्राणंतिक.
260 _bबांदोडकर पब्लिशिंग हाऊस, गोवा.
_c1991
300 _a151
_bसाधी
365 _b90
520 _aकादंबरी.
630 _aप्राणंतिक.
650 _aकादंबरी.
730 _aप्राणंतिक.
942 _cBOOK
999 _c701308
_d701305